000 00308pab a2200109 454500
008 180718b xxu||||| |||| 00| 0 eng d
100 _aGuhan, S
245 _aAdjustment in the 1991-92 budget-hard-headed or soft-headed?
650 _aBudget - IndiaRevenue
773 _aEconomic and Political Weekly
909 _a1580
999 _c1580
_d1580